Пропуск в контексте

Международные организации в современной мировой политике: вопросы теории учебно-методическое пособие

В пособии рассматриваются основные аспекты понятий глобализации и интеграции как основных тенденций мирового развития, а также теоретические аспекты, касающиеся международных организаций. Пособие составлено для студентов Института международных отношений и мировой истории ННГУ, обучающихся по направ...

Fuld beskrivelse

Сохранить в:
Bibliografiske detaljer
Hovedforfatter: Толкачев В. В.
Andre forfattere: Ульмаева Л. Н.
Format: Книга
Sprog:Russian
Udgivet: Нижний Новгород ННГУ им. Н. И. Лобачевского 2021
Online adgang:https://e.lanbook.com/book/282920
https://e.lanbook.com/img/cover/book/282920.jpg
Tags: Tilføj Tag
Ingen Tags, Vær først til at tagge denne postø!
LEADER 02272nam0a2200277 i 4500
001 282920
003 RuSpLAN
005 20221220174212.0
008 221220s2021 ru gs 000 0 rus
040 |a RuSpLAN 
041 0 |a rus 
044 |a ru 
080 |a 327 
084 |a 66.4  |2 rubbk 
245 0 0 |a Международные организации в современной мировой политике: вопросы теории  |b учебно-методическое пособие  |c Толкачев В. В.,Ульмаева Л. Н. 
260 |a Нижний Новгород  |b ННГУ им. Н. И. Лобачевского  |c 2021 
300 |a 69 с. 
500 |a Рекомендовано учебно-методической комиссией Института международных отношений и мировой истории для бакалавров, обучающихся по направлению: 41.03.04 – Политология 
504 |a Библиогр.: доступна в карточке книги, на сайте ЭБС Лань 
520 8 |a В пособии рассматриваются основные аспекты понятий глобализации и интеграции как основных тенденций мирового развития, а также теоретические аспекты, касающиеся международных организаций. Пособие составлено для студентов Института международных отношений и мировой истории ННГУ, обучающихся по направлению бакалавриата «Политология», изучающих предмет «Международные организации в современной мировой политике» 
521 8 |a Книга из коллекции ННГУ им. Н. И. Лобачевского - Социально-гуманитарные науки 
100 1 |a Толкачев В. В. 
700 1 |a Ульмаева Л. Н. 
856 4 |u https://e.lanbook.com/book/282920 
856 4 8 |u https://e.lanbook.com/img/cover/book/282920.jpg 
953 |a https://e.lanbook.com/img/cover/book/282920.jpg